Responses for show #2628 - Wednesday, January 24, 1996

Contestants

[<< previous game]

Michael Marion, a graduate student from Chapel Hill, North Carolina

Robert Galvin, an art student from Hicksville, New York

John Thiel, a psychiatrist originally from Adelphi, Maryland (whose 1-day cash winnings total $10,400)

[next game >>]

Jeopardy! Round responses

U.S. GEOGRAPHY
'50s FILM FACTS
RULERS
SCIENCE
JUST DESSERTS
"BEFORE" & "AFTER"
    $100 11
Illinois

Michael
    $100 16
Alice in Wonderland

Michael
    $100 1
Saudi Arabia

John
    $100 6
glaciers

John
    $100 26
Brown Betty

Robert
    $100 21
(Alex: Remember your phrasing.)

Before Christ

Michael
    $200 12
Scotland

John
    $200 17
Gidget

Robert
    $200 2
King Juan Carlos I

John
    $200 7
the periodic table of elements

John
    $200 27
rice

John
    $200 22
before the horse

John
    $300 13
Portland

Michael
    $300 18
Rebel Without a Cause

Robert
    $300 3
Louis XVI

John
    $300 8
sulfur

John
    $300 28
chiffon pie

Robert
    $300 23
an aftershock

Michael
    $400 14
Baltimore

Robert
    $400 19
On the Waterfront

John
    $400 4
Ivan the Terrible

John
    $400 9
(Robert: What is cheese?)

yogurt

JohnRobert
    $400 29
Charlotte

Robert
    $400 24
an afterword

Michael
    $500 15
Maine

Robert
    $500 20
Rear Window

John
    $500 5
[Applause]
(Alex: Well done in that category, John. You picked up all the money available!)

James I

John
    $500 10
Foucault's pendulum

Robert
    $500 30
(Robert: What is lime?)

Cherries

RobertMichael
    $500 25
the afterlife

Robert

Scores at the first commercial break (after clue 15):

John Robert Michael
$2,700 $1,000 $400

Scores at the end of the Jeopardy! Round:

John Robert Michael
$4,000 $2,300 $1,800

Double Jeopardy! Round responses

AMERICAN HISTORY
MUSIC APPRECIATION
SPORTS '95
HERBS
WORLD CITIES
REQUIRED READING
    $200 2
New Orleans

John
    $200 1
Gilbert & Sullivan

Robert
    $200 16
football (soccer)

John
    $200 26
a head

Robert
    $200 17
Athens

John
    $200 7
Gulliver

Robert
    $400 3
Bunker Hill

Robert
    $400 12
(John: Who is...)

Maurice Ravel

JohnRobert
    $400 22
the Rams

Michael
    $400 27
sage

Triple Stumper
    $400 18
Florence

Robert
    $400 8
(Robert: What is World War I?)

the Revolutionary War

JohnRobert
    $600 4
William Henry Harrison

Robert
    $600 13
W. A. Mozart

Robert
    $600 23
(Michael: What is Russia?)

Canada

JohnMichael
    $600 28
aphids

Michael
    $2,500 19
(Robert: What is Zurich?)

Geneva

Robert
    $600 9
F. Scott Fitzgerald

Robert
    $800 5
(Robert: Who is John Marshall?)

John Jay

JohnRobert
    $800 14
Franz Liszt

Robert
    $800 24
Red Auerbach

Robert
    $800 29
(Robert: What is a pear?)

an orange

Robert
Triple Stumper
    $800 20
(John: What is Caracas?)

Maracaibo

John
Triple Stumper
    $800 10
William Faulkner

John
    $2,500 6
Arizona & New Mexico

John
    $1000 15
Jean Sibelius

Robert
    $1000 25
the Philadelphia Phillies

John
    $1000 30
rosemary

Triple Stumper
    $1000 21
Estonia

Michael
    $1000 11
Native Son

Michael

Scores at the end of the Double Jeopardy! Round:

John Robert Michael
$9,500 $4,000 $4,200
(lock game)

[wagering suggestions for these scores]

Final Jeopardy! Round responses

EXPLORERS
RobertWho is Scott?
$4,000
MichaelWho was Byrd?
$3,900
JohnWho is Scott?
$1,000
Robert Falcon Scott (in Antarctica)

Final scores:

John Robert Michael
$10,500 $8,000 $300
2-day champion: $20,900 2nd place: a trip to Park City, Utah 3rd place: Magnavox 27" TV

Game dynamics:

Coryat scores:

John Robert Michael
$8,000 $6,500 $4,200
23 R
(including 1 DD),
2 W
21 R
(including 1 DD),
6 W
(including 1 DD)
11 R,
1 W

Combined Coryat: $18,700

The J! Archive is created by fans, for fans. The Jeopardy! game show and all elements thereof, including but not limited to copyright and trademark thereto, are the property of Jeopardy Productions, Inc. and are protected under law. This website is not affiliated with, sponsored by, or operated by Jeopardy Productions, Inc. Join the discussion at JBoard.tv.